000 01194cam a22003374a 4500
001 16615670
003 OSt
005 20150408114013.0
008 110119s2012 maua b 001 0 eng
010 _a 2010054547
020 _a9780321734952 (pbk.)
020 _a0321734955 (pbk.)
035 _a(OCoLC)ocn676726122
040 _aDLC
_cDLC
_dYDX
_dBTCTA
_dYDXCP
_dCDX
_dDLC
042 _apcc
050 0 0 _aRA440.5
_b.C685 2012
082 0 0 _a613
_222
100 1 _aCottrell, Randall R.
_910597
245 1 0 _aPrinciples & foundations of health promotion and education /
_cRandall R. Cottrell, James T. Girvan, James F. McKenzie.
246 3 _aPrinciples and foundations of health promotion and education
250 _a5th ed.
260 _aBoston :
_bBenjamin Cummings,
_cc2012.
300 _axvi, 384 p. :
_bill. ;
_c23 cm.
504 _aIncludes bibliographical references and index.
650 0 _aHealth education.
_910598
650 0 _aHealth promotion.
_95466
700 1 _aGirvan, James T.,
_d1946-
_910599
700 1 _aMcKenzie, James F.,
_d1948-
_910600
942 _2ddc
_cBOOK
999 _c21420
_d255920